| 000 | 00577nam a2200193Ia 4500 | ||
|---|---|---|---|
| 003 | GCL | ||
| 008 | 140319s9999 xx 000 0 eng d | ||
| 040 |
_aGCL / _cGCL |
||
| 082 | 0 | 4 |
_a371.90941 _bP E |
| 100 | 1 | _aPOTTER, PATRICIA | |
| 245 | 1 | 0 |
_aEQUALITY AND DIVERSITY IN EDUCATION 2: NATIONAL AND INTERNATIONAL CONTEXTS / _cPOTTER, PATRICIA |
| 700 | 1 | _aMASTERTON, MARY | |
| 700 | 1 | _aARMSTRONG, FELICITY | |
| 260 |
_a[S.N] : _bROUTLEDGE ، _c1995 |
||
| 650 | 0 | 4 | _aEDUCATIONAL EQUALIZATION |
| 650 | 0 | 4 | _aEDUCATION AND STATE |
| 650 | 0 | 4 | _aSPECIAL EDUCATION |
| 942 |
_2ddc _cBK |
||
| 999 |
_c12621 _d12621 |
||